| 000 | 005230000a22001930004500 | ||
|---|---|---|---|
| 001 | 004895 | ||
| 003 | MACL | ||
| 005 | 20150712144244.0 | ||
| 008 | 150712b xxu||||| |||| 00| 0 eng d | ||
| 040 |
_aMACL _cMACL |
||
| 041 | _aEnglish | ||
| 082 | _a320.092/TIK | ||
| 100 |
_aTikekar, Maneesha _91915 |
||
| 245 |
_aAcross The wagah _bAn India's Sojurn In Pakistan _cManeesha Tikekar |
||
| 260 |
_aNew Delhi, _c2004 _bPromilla & Co., Publishers, |
||
| 350 | _a750 | ||
| 650 |
_aPolitical Science _988 |
||
| 942 |
_k320 _cBK _2ddc |
||
| 999 |
_c16778 _d16778 |
||